| 000 | 00868nam a2200229Ia 4500 | ||
|---|---|---|---|
| 999 |
_c19838 _d19838 |
||
| 003 | OSt | ||
| 005 | 20211016144936.0 | ||
| 008 | 160316s2003 xxu||||| |||| 00| 0 eng d | ||
| 020 | _a9780582302457 | ||
| 040 | _cn | ||
| 082 |
_a341.000000 _bOPP-I |
||
| 100 | _aOppenheim | ||
| 245 | _aInternational law.Vol.I : Peace | ||
| 250 | _a9th | ||
| 260 |
_aDelhi _bUniversal Law Publishing Co.Pvt.Ltd. _c2003 |
||
| 300 |
_a554p _cxxi |
||
| 365 | _b Rs.995.00 | ||
| 505 | _aTable of Contents CONTENTS OF VOLUME 1: Preface to the ninth edition Abbreviations Table of Cases 1. Introduction: Foundations and development of international law PART 1: THE SUBJECTS OF INTERNATIONAL LAW 2. International persons 3. Position of the states in international law 4. Responsibility of states Index | ||
| 650 | _a1.International Law | ||
| 700 |
_a _a |
||
| 942 |
_2ddc _cBK |
||